000
002510000a22000970004500
100
1
_a
Ford, Leighton
245
1
0
_a
Confronting changes in today's world
300
_a
Vol. 16, Núm 59 (1989), Páginas 8-10
773
0
_t
World Evangelization
942
_c
ANA
999
_c
57867
_d
57867